The 100 greatest leadership principles of all time -(E-BOOK) (Record no. 192708)
[ view plain ]
| 000 -LEADER | |
|---|---|
| fixed length control field | 01082 a2200265 4500 |
| 003 - CONTROL NUMBER IDENTIFIER | |
| control field | Nust |
| 005 - DATE AND TIME OF LATEST TRANSACTION | |
| control field | 20170207154042.0 |
| 010 ## - LIBRARY OF CONGRESS CONTROL NUMBER | |
| LC control number | 2006934325 |
| 020 ## - INTERNATIONAL STANDARD BOOK NUMBER | |
| International Standard Book Number | 0446579912 |
| 020 ## - INTERNATIONAL STANDARD BOOK NUMBER | |
| International Standard Book Number | 9780446579919 |
| 040 ## - CATALOGING SOURCE | |
| Transcribing agency | Nust |
| 245 04 - TITLE STATEMENT | |
| Title | The 100 greatest leadership principles of all time -(E-BOOK) |
| Statement of responsibility, etc. | edited by Leslie Pockell with Adrienne Avila. |
| 246 3# - VARYING FORM OF TITLE | |
| Title proper/short title | Hundred greatest leadership principles of all time |
| 246 3# - VARYING FORM OF TITLE | |
| Title proper/short title | One hundred greatest leadership principles of all time |
| 250 ## - EDITION STATEMENT | |
| Edition statement | 1st ed. |
| 260 ## - PUBLICATION, DISTRIBUTION, ETC. | |
| Place of publication, distribution, etc. | New York : |
| Name of publisher, distributor, etc. | Warner Business Books, |
| Date of publication, distribution, etc. | 2007. |
| 300 ## - PHYSICAL DESCRIPTION | |
| Extent | ix, 110 p. ; |
| Dimensions | 19 cm. |
| 505 ## - FORMATTED CONTENTS NOTE | |
| Formatted contents note | PART 1 Intelligence (Page-1) PART 2 Trustworthiness (Page-23) PART 3 Humaneness (Page-45) PART 4 Courage (Page-67) PART 5 Discipline (Page-89) |
| 650 #0 - SUBJECT ADDED ENTRY--TOPICAL TERM | |
| Topical term or geographic name entry element | Leadership |
| 651 ## - SUBJECT ADDED ENTRY--GEOGRAPHIC NAME | |
| Geographic name | E-BOOK |
| 700 1# - ADDED ENTRY--PERSONAL NAME | |
| Personal name | Avila, Adrienne. |
| 700 1# - ADDED ENTRY--PERSONAL NAME | |
| Personal name | Pockell, Leslie. |
| 856 42 - ELECTRONIC LOCATION AND ACCESS | |
| Materials specified | Contributor biographical information |
| Uniform Resource Identifier | <a href="http://www.loc.gov/catdir/enhancements/fy0742/2006934325-b.html">http://www.loc.gov/catdir/enhancements/fy0742/2006934325-b.html</a> |
| 856 42 - ELECTRONIC LOCATION AND ACCESS | |
| Materials specified | Publisher description |
| Uniform Resource Identifier | <a href="http://www.loc.gov/catdir/enhancements/fy0654/2006934325-d.html">http://www.loc.gov/catdir/enhancements/fy0654/2006934325-d.html</a> |
| 942 ## - ADDED ENTRY ELEMENTS (KOHA) | |
| Source of classification or shelving scheme | |
| Koha item type | Book |
| Withdrawn status | Lost status | Source of classification or shelving scheme | Damaged status | Not for loan | Collection code | Permanent Location | Current Location | Date acquired | Total Checkouts | Barcode | Date last seen | Price effective from | Koha item type |
|---|---|---|---|---|---|---|---|---|---|---|---|---|---|
| Military College of Signals (MCS) | Military College of Signals (MCS) | 12/12/2016 | MCSEB-2266 | 12/08/2016 | 12/12/2016 | Book |
